00732 2200277 4500001002100000005001700021008004100038020001800079035002400097082001400121090002100135100001900156245005500175260003500230300003100265500003100296500001100327650002400338700001200362850001600374980001300390985000600403999001500409999001500424999001500439YOGYA-0209000001433720090227022416.0 ind  a979-539-004-x 0010-020900000014337 a338.17372 a338.17372bSet T aSETIAWATI, Ita aTehbKajian sosial-ekonomicIta Setiawati, Nasikun aYogyakartabAditya Mediac1991 axxiv, 209 hlmbilusc21 cm aBibliografi : hlm. 189-193 aIndeks aTeh - Aspek ekonomi aNasikun aYOPDYOG (B) a19-07-05 a3 a99P0000159 a99P0000160 a93P0038841